000 00643nam a2200217 a 4500
008
020 _a1859712819 (pbk.)
049 _aMAIN
090 _aT56.4 PAR
100 1 _aPardoe, K.
245 1 0 _aManagement science applications :
_b stage 2 Knowledge /
_cK. Pardoe and G. Wyborn.
260 _a[s.l.] :
_bChartered Institute of Management Accountants,
_c1998.
300 _a197 p. :
_bill. ;
_c30 cm.
500 _aIncludes index.
650 1 _aManagement.
907 _a.b10231304
_b14-02-07
_c14-02-07
003
005 20230123134355.0
040 _cNUST
942 _cBOOKS
_kT56.4 PAR
999 _c164805
_d164805